Premier League Winning Players - Sudden Death - Statistics

General Stats
  • This quiz has been taken 14,929 times
    14,922 since last reset
  • The average score is 8 of 25
Answers on the Grid
Answers color-coded by a green-red scale on the quiz's grid according to % correct below.
Alan Shearer
Alex Oxlade-Chamberlain
Claude Makélélé
Craig Bellamy
Danny Welbeck
Darren Bent
Darren Ferguson
David Beckham
David Ginola
David James
Didier Drogba
Dion Dublin
Eden Hazard
Emile Heskey
Éric Djemba-Djemba
Francesc Fàbregas
Frank Lampard
Harry Kane
Harry Kewell
Hugo Lloris
James Beattie
Jamie Carragher
Jamie Vardy
Jermaine Defoe
Jimmy Floyd Hasselbaink
Juan Mata
Juninho
Kasper Schmeichel
Kolo Touré
Leighton Baines
Les Ferdinand
Luis Suárez
Luke Chadwick
Mark Viduka
Matt Le Tissier
Michael Owen
Mikel Arteta
Mohamed Salah
Nicolas Anelka
Nigel de Jong
Nwankwo Kanu
Oleg Luzhny
Paolo Di Canio
Peter Crouch
Petr Čech
Richard Dunne
Robbie Fowler
Robbie Keane
Robin van Persie
Samuel Eto'o
Stan Collymore
Steven Gerrard
Tim Sherwood
Wayne Rooney
Zlatan Ibrahimović
 
Answer Stats
Answer % Correct
Alan Shearer
65%
Didier Drogba
64%
David Beckham
63%
Eden Hazard
56%
Frank Lampard
55%
Jamie Vardy
50%
Alex Oxlade-Chamberlain
46%
Claude Makélélé
46%
Danny Welbeck
37%
Francesc Fàbregas
37%
Wayne Rooney
36%
Mohamed Salah
30%
Petr Čech
29%
Kasper Schmeichel
28%
Robin van Persie
28%
Kolo Touré
18%
Michael Owen
17%
Nicolas Anelka
16%
Darren Ferguson
7%
Nigel de Jong
7%
Nwankwo Kanu
7%
Tim Sherwood
7%
Dion Dublin
5%
Luke Chadwick
3%
Oleg Luzhny
2%
No matching quizzes found
Score Distribution
Percent of People with Each Score
Percentile by Number Answered
Your Score History
You have not taken this quiz since the last reset